Представление документа в формате MARC21

Поле Инд. ПП Название Значение
Тип записи a
Библиографический уровень a
001 Контрольный номер RU/IS/BASE/435070782
005 Дата корректировки 20140911132828.3
020 a ISBN 978-5-7609-0656-4
040 a Служба первич. каталог. НБ ТвГУ
b Код языка каталог. rus
e Правила каталог. PSBO
041 0_ a Код языка текста rus
098 b Факультет Экономический
c Кафедра национальной экономики
100 1_ a Автор Пилипчук Надежда Валерьевна
q Полное имя Пилипчук Н. В.
245 10 a Заглавие Анализ инвестиционной привлекательности отраслей Тверского региона
260 a Место издания Тверь
b Издательство Тверской государственный университет
c Дата издания 2011
520 a Аннотация Исследования инвестиционной привлекательности отдельных отраслей экономики проводятся в настоящее время крайне редко и единые методические принципы осуществления такой оценки пока не разработаны.
653 a Ключевые слова Экомика
653 1_ a Ключевые слова Отрасли Тверского региона
653 1_ a Ключевые слова Авторская концепция
653 1_ a Ключевые слова Факторы
653 1_ a Ключевые слова Труды Тверского государственного университета
773 08 w Контрольный № источника RU/IS/BASE/360410434
t Название источника Факторы развития экономики России
d Место и дата издания Тверь : Тверской государственный университет, 2011
g Прочая информация С. 45-48
901 t Тип документа a
920 a Оператор Кома